<?xml version="1.0" encoding="UTF-8"?><?xml-stylesheet type="text/xsl" href="static/style.xsl"?><OAI-PMH xmlns="http://www.openarchives.org/OAI/2.0/" xmlns:xsi="http://www.w3.org/2001/XMLSchema-instance" xsi:schemaLocation="http://www.openarchives.org/OAI/2.0/ http://www.openarchives.org/OAI/2.0/OAI-PMH.xsd"><responseDate>2026-04-17T02:25:17Z</responseDate><request verb="GetRecord" identifier="oai:www.recercat.cat:2445/121810" metadataPrefix="marc">https://recercat.cat/oai/request</request><GetRecord><record><header><identifier>oai:recercat.cat:2445/121810</identifier><datestamp>2025-12-05T14:59:22Z</datestamp><setSpec>com_2072_1057</setSpec><setSpec>col_2072_478917</setSpec><setSpec>col_2072_478937</setSpec></header><metadata><record xmlns="http://www.loc.gov/MARC21/slim" xmlns:dcterms="http://purl.org/dc/terms/" xmlns:xsi="http://www.w3.org/2001/XMLSchema-instance" xmlns:doc="http://www.lyncode.com/xoai" xsi:schemaLocation="http://www.loc.gov/MARC21/slim http://www.loc.gov/standards/marcxml/schema/MARC21slim.xsd">
   <leader>00925njm 22002777a 4500</leader>
   <datafield ind2=" " ind1=" " tag="042">
      <subfield code="a">dc</subfield>
   </datafield>
   <datafield ind2=" " ind1=" " tag="720">
      <subfield code="a">Buxarrais Estrada, Maria Rosa</subfield>
      <subfield code="e">author</subfield>
   </datafield>
   <datafield ind2=" " ind1=" " tag="260">
      <subfield code="c">2018-04-24T09:00:50Z</subfield>
   </datafield>
   <datafield ind2=" " ind1=" " tag="260">
      <subfield code="c">2018-04-24T09:00:50Z</subfield>
   </datafield>
   <datafield ind2=" " ind1=" " tag="260">
      <subfield code="c">1992</subfield>
   </datafield>
   <datafield ind2=" " ind1=" " tag="260">
      <subfield code="c">2018-04-24T09:00:50Z</subfield>
   </datafield>
   <datafield ind2=" " ind1=" " tag="520">
      <subfield code="a">La investigació en educació ha estat i és un tema molt complex a l'hora de determinar aspectes concrets com: de qui és competència, quin serà l'objecte o els objectes a investigar i com es portarà a terme la investigació, quina via és la més adient... Sens dubte, estem davant d'una obra que planteja aquest tema des d'un punt de vista dicotòmic, és a dir, per una banda ens proposa un tipus d'investigació &lt;&lt;positivista>>, &lt;&lt;objectiva>>, en educació, la que, segons els autors, ha estat durant molts anys la més característica i practicada, oposada a un tipus d'investigació-intervenció, que en altres obres coneixem sota l'epígraf d'&lt;&lt;investigació-acció>> i que es proposa una reflexió més conscient i subjectiva de situacions, comportaments i esdeveniments característics del procés educatiu.</subfield>
   </datafield>
   <datafield tag="653" ind2=" " ind1=" ">
      <subfield code="a">Investigació activa en l'educació</subfield>
   </datafield>
   <datafield tag="653" ind2=" " ind1=" ">
      <subfield code="a">Action research in education</subfield>
   </datafield>
   <datafield ind2="0" ind1="0" tag="245">
      <subfield code="a">Recensión de la obra de Blouquet-Chapiro, C.; Ferry, G.</subfield>
   </datafield>
</record></metadata></record></GetRecord></OAI-PMH>